00926cam a22002291 4500001001300000003000400013005001700017008004100034010001700075035002000092040004700112042001200159050001400171100004900185245029300234260003100527300001900558490002700577650003600604650003900640999001700679s 33000241 DLC20260227111911.0880815s1840 mau 000 0 eng c as 33000241  a(OCoLC)18354524 aLibrary, Smithsonian InstitutioncDSIdDLC apremarc00aE81b.S551 aSmith, Jerome Van Crowninshield,d1800-1879.02aA condensed historical examination of the wars of the Indians, in past and present times, within the boundaries of the United States.bWith an appendix, embracing the researches of antiquarians in relation to the first inhabitants of America. Designed for youth.cBy Jerome V.C. Smith ... aBoston,bG. Clarke,c1840. a304 p.c22 cm.0 aIndian Wars of America 0aIndians of North AmericaxWars. 0aIndians of North AmericaxHistory. c52715d52715